NFL Quarterbacks Easy to Hard 2025 - Statistics

General Stats
  • This quiz has been taken 359 times
  • The average score is 11 of 13
Answer Stats
Hint Answer % Correct
Bills Josh Allen
100%
Ravens Lamar Jackson
100%
Chiefs Patrick Mahomes
100%
Eagles Jalen Hurts
99%
Texans C.J Stroud
96%
Lions Jared Goff
96%
Commanders Jayden Daniels
95%
Jets Aaron Rodgers
93%
Broncos Bo Nix
91%
Steelers Justin Fields
89%
Patriots Jacoby Brissett
62%
Jaguars Mac Jones
62%
Browns Jameis Winston
58%
No matching quizzes found
Score Distribution
Percent of People with Each Score
Percentile by Number Answered
Your Score History
You have not taken this quiz